00387 a2200145 4500003000400000005001700004008004100021020001800062040000900080082001800089100002100107245006600128260003300194300001400227OSt20260310124817.0260310b |||||||| |||| 00| 0 eng d a9798896995067 coclc a658.11bPUR/A aPurohit, Archana aAgency Adda: The Ultimate Agency Blueprint /cArchana Purohit aIndia:bNotion Press,c2025. a178 pages